000 00746nas a2200253 4500
001 BR9901438
003 BR-BrBNA
005 20231205101319.0
007 ta
008 230509b bl.|||p| |||| 00| 00por d
040 _aBR-BrBNA
_bpor
_cBiblioteca Nacional de Agricultura
041 _a(Pt)
072 _aQ05
100 1 _aGoto, A.
100 1 _aClemente, E.
245 1 _aInfluencia do rebaudiosideo a na solubilidade e no sabor do esteviosideo
650 _aStevia
650 _aAditivo
650 _aComposicao Quimica
650 _aAdocante
773 0 _tCiencia e Tecnologia de Alimentos (Brazil)
_xISSN 0101-2061
_g(Jan-Apr 1998), v. 18(1) p. 3-6
_wBR9901438
909 _a202311
_bLúcia
_c55
_dLúcia Elande
942 _2AGRIS
_n0
_cANA
999 _c161073
_d161073